| 000 | 00633nam a2200265Ia 4500 | ||
|---|---|---|---|
| 001 | Z_4260 | ||
| 003 | CHAP | ||
| 008 | 220113s2001 xx 000 0 und d | ||
| 010 | _a167323 | ||
| 040 | _cCHAP | ||
| 082 | _a463 R4 | ||
| 100 |
_aReal Academia Española _994932 |
||
| 245 |
_aDiccionario de la lengua española / _cpor La Real Academia Española |
||
| 250 | _a22a ed. | ||
| 260 |
_aMadrid : _bEspasa, _c2001 |
||
| 300 | _a1596 + apénd. | ||
| 503 | _aej.1: 110086 | ||
| 650 |
_aEspañol _xDiccionarios _937725 |
||
| 901 | _a463 R4 | ||
| 902 | _aM | ||
| 910 | _a2001 | ||
| 942 | _c1 | ||
| 942 | _cc1 | ||
| 999 |
_c167323 _d167323 |
||